LEADER 02758nam a2200721 i 4500
001 106514
003 CZ PrNK
005 20260605080153.0
007 ta
008 260420s2026 xr a e 000 macze
015 |a cnb003751722 
020 |a 9788088538042  |q (vázáno) 
040 |a BOA001  |b cze  |e rda 
072 7 |a 316.3  |x Globální společnosti. Sociální struktura. Sociální skupiny  |2 Konspekt  |9 18 
072 7 |a 929  |x Biografie  |2 Konspekt  |9 8 
080 |a 641/642-055.2  |2 MRF 
080 |a [316.774:004.738.5]-055.2  |2 MRF 
080 |a (=612.91)  |2 MRF 
080 |a 316.356.4.022.4  |2 MRF 
080 |a 316.72/.75  |2 MRF 
080 |a 323.1  |2 MRF 
080 |a 821.612.91-32  |2 MRF 
080 |a 929  |2 MRF 
080 |a (437.3)  |2 MRF 
080 |a (047.53)  |2 MRF 
080 |a (0:82-94)  |2 MRF 
080 |a (0:82-32)  |2 MRF 
100 0 |a Chili Ta Thuy  |7 pna20221140670  |4 aut  |9 117438 
245 1 0 |a Z čeho kvete lotos /  |c Chili Ta, Magdalena Slezáková 
250 |a Vydání první 
264 1 |a Praha :  |b N media,  |c 2026 
300 |a 183 stran :  |b barevné ilustrace ;  |c 25 cm 
336 |a text  |b txt  |2 rdacontent 
337 |a bez média  |b n  |2 rdamedia 
338 |a svazek  |b nc  |2 rdacarrier 
490 1 |a Edice N 
600 0 7 |a Chili Ta Thuy  |7 pna20221140670  |2 czenas  |9 117438 
648 7 |a 20.-21. století  |7 ch462155  |2 czenas  |9 53009 
650 0 7 |a kuchařky  |7 ph889647  |y 20.-21. století  |z Česko  |2 czenas 
650 0 7 |a influencerky  |7 ph1247029  |y 20.-21. století  |z Česko  |2 czenas 
650 0 7 |a Vietnamci  |7 ph316330  |z Česko  |2 czenas 
650 0 7 |a etnické menšiny  |7 ph1190981  |z Česko  |2 czenas 
650 0 7 |a kulturní diverzita  |7 ph497317  |z Česko  |2 czenas 
650 0 9 |a women cooks  |y 20th-21st centuries  |z Czechia  |2 eczenas 
650 0 9 |a female influencers  |y 20th-21st centuries  |z Czechia  |2 eczenas 
650 0 9 |a Vietnamese  |z Czechia  |2 eczenas 
650 0 9 |a ethnic minorities  |z Czechia  |2 eczenas 
650 0 9 |a cultural diversity  |z Czechia  |2 eczenas 
651 7 |a Česko  |7 ge128065  |x etnické vztahy  |2 czenas 
651 9 |a Czechia  |x ethnic relations  |2 eczenas 
655 7 |a rozhovory  |7 fd133303  |2 czenas  |9 2157 
655 7 |a autobiografické vzpomínky  |7 fd131854  |2 czenas  |9 53458 
655 7 |a vietnamské příběhy  |7 fd1206492  |2 czenas 
655 9 |a interviews  |2 eczenas 
655 9 |a autobiographical reminiscences  |2 eczenas 
655 9 |a Vietnamese stories  |2 eczenas 
700 1 |a Slezáková, Magdalena  |7 mzk20261298074  |4 aut  |9 117439 
710 2 |a N media (vydavatelství)  |7 mzk20261290092  |4 pbl  |9 117166 
830 0 |a Edice N 
910 |a UOG502 
942 |2 ddc  |c KN 
999 |d 106514 
993 |0 0  |1 421180107234  |2 ddc  |4 0  |6 929_000000000000000  |7 0  |9 99958  |b 0  |c 107234  |d 2026-06-05  |e 0  |f DOSP  |g 929  |h 549.00  |i Koupě  |l DOSP  |r 2026-06-05  |t 5  |w 2026-06-05  |y KN  |z NAUCNA  |n